| 000 | 00436nam a2200193Ia 4500 | ||
|---|---|---|---|
| 005 | 20240823050607.0 | ||
| 008 | 240823s9999||||xx |||||||||||||| ||und|| | ||
| 020 | _a978-81-234-0925-7 | ||
| 041 | _aENGLISH | ||
| 082 | _A158.1 Q2 | ||
| 100 | _aIraianbu V | ||
| 245 | 0 | _aUlloli Payanam | |
| 250 | _a7th | ||
| 260 |
_c2012 _bNew Censuri Book |
||
| 500 | _aYES | ||
| 650 |
_aTamil Books _bGeneral |
||
| 942 | _cBK | ||
| 999 |
_c217613 _d217613 |
||